Deportivo Alavés Squad 2025-2026 - Statistics

General Stats
  • This quiz has been taken 144 times
    23 since last reset
  • The average score is 24 of 28
Answer Stats
# Position Nation Player % Correct
1 GK Spain Antonio Sivera
100%
10 MF Spain Carles Aleñá
100%
7 FW Spain Carlos Vicente
100%
4 MF Spain Denis Suárez
100%
15 FW Argentina Lucas Boyé
100%
9 FW Dominican Republic Mariano Díaz
100%
22 DF Mali Moussa Diarra
100%
11 FW Spain Toni Martínez
100%
21 FW Algeria Abde Rebbach
90%
6 MF Spain Ander Guevara
90%
8 MF Spain Antonio Blanco
90%
20 MF Brazil Calebe
90%
23 MF Uruguay Carlos Protesoni
90%
- Coach Argentina Eduardo Coudet
90%
2 DF Malaysia Facundo Garcés
90%
17 DF Spain Jonny Otto
90%
5 DF Spain Jon Pacheco
90%
14 DF Argentina Nahuel Tenaglia
90%
3 DF Morocco Youssef Enríquez
90%
7 FW Spain Ángel Pérez
80%
- Coach Spain Quique Sánchez Flores
80%
13 GK Spain Raúl Fernández
80%
18 MF Spain Jon Guridi
70%
12 DF Serbia Nikola Maraš
70%
19 MF Spain Pablo Ibáñez
70%
24 DF Spain Víctor Parada
60%
22 FW Ivory Coast Ibrahim Diabate
50%
16 DF Finland Ville Koski
40%
No matching quizzes found
Score Distribution
Percent of People with Each Score
Percentile by Number Answered
Your Score History
You have not taken this quiz since the last reset